[Event "SRI-ch (Women)"]
[Site "Colombo"]
[Date "2023.04.03"]
[Round "13"]
[White "Newansa, M Esandi"]
[Black "Udagedara, Sandali Kanishka"]
[Result "1/2-1/2"]
[WhiteElo "1576"]
[BlackElo "1500"]
[PlyCount "57"]
[EventDate "2023.03.25"]
[EventType "tourn"]
[EventRounds "13"]
[EventCountry "SRI"]
[SourceTitle "CBM 213 Extra"]
[Source "ChessBase"]
[SourceDate "2023.05.31"]
[SourceVersion "1"]
[SourceVersionDate "2023.05.31"]
[SourceQuality "1"]

1. d4 Nf6 2. Bf4 e6 3. e3 c5 4. c3 Qb6 5. Qb3 Qxb3 6. axb3 Nc6 7. dxc5 Bxc5 8. b4 Bb6 9. Na3 d5 10. Nb5 Kd7 11. Nf3 Ne8 12. Bd3 f6 13. e4 dxe4 14. Bxe4 e5 15. Bg3 Ke7 16. Ke2 Be6 17. Na3 Nd6 18. Bd3 Bd5 19. Bc2 Rac8 20. Rhd1 Be6 21. Nd2 h6 22. f3 Rhd8 23. Bb3 Bd7 24. Bc2 Be6 25. Bb3 Bd7 26. Bc2 Be6 27. Bb3 Bd7 28. Bc2 Be6 29. Bb3 1/2-1/2

[Event "SRI-ch (Women)"]
[Site "Colombo"]
[Date "2023.04.02"]
[Round "11"]
[White "Udagedara, Sandali Kanishka"]
[Black "Akuratiya, AG Javindi Avarjana"]
[Result "1/2-1/2"]
[WhiteElo "1500"]
[BlackElo "1267"]
[PlyCount "46"]
[EventDate "2023.03.25"]
[EventType "tourn"]
[EventRounds "13"]
[EventCountry "SRI"]
[SourceTitle "CBM 213 Extra"]
[Source "ChessBase"]
[SourceDate "2023.05.31"]
[SourceVersion "1"]
[SourceVersionDate "2023.05.31"]
[SourceQuality "1"]

1. d4 Nf6 2. c4 e6 3. Nc3 b6 4. e4 d6 5. f3 Bb7 6. Bg5 Be7 7. Qd2 Nbd7 8. Nh3 a6 9. a4 c5 10. d5 exd5 11. cxd5 0-0 12. Be2 Bc8 13. Nf2 Ne5 14. 0-0 Ne8 15. Bf4 Ng6 16. Be3 f5 17. Nd3 Rb8 18. b3 Bd7 19. Nb2 Bc8 20. Nd3 Bd7 21. Nb2 Bc8 22. Nd3 Bd7 23. Nb2 Bc8 1/2-1/2

[Event "SRI-ch (Women)"]
[Site "Colombo"]
[Date "2018.05.06"]
[Round "4"]
[White "Udagedara, Sandali Kanishka"]
[Black "De Silva, Tenara"]
[Result "1/2-1/2"]
[WhiteElo "1591"]
[BlackElo "1672"]
[PlyCount "82"]
[EventDate "2018.05.04"]
[EventType "tourn"]
[EventRounds "13"]
[EventCountry "SRI"]
[SourceTitle "CBM 184 Extra"]
[Source "ChessBase"]
[SourceDate "2018.06.28"]
[SourceVersion "1"]
[SourceVersionDate "2018.06.28"]
[SourceQuality "1"]

1. e4 d5 2. exd5 Qxd5 3. Nc3 Qd6 4. d4 Nf6 5. Be3 a6 6. Qd2 e6 7. Nf3 b5 8. Be2 Bb7 9. Bf4 Qb6 10. Rd1 Bd6 11. 0-0 0-0 12. Ne5 c5 13. dxc5 Bxc5 14. Bg5 Nd5 15. Bf3 Nxc3 16. Qxc3 b4 17. Qc4 Bxf3 18. Nxf3 Nc6 19. Rd3 Rac8 20. Qg4 f5 21. Qh4 Qa7 22. Re1 Rfe8 23. Be3 h6 24. Re2 Bxe3 25. Rdxe3 Qf7 26. h3 a5 27. Qf4 Qf6 28. Qd6 Kf7 29. Qd7+ Qe7 30. Qd3 Qd8 31. Qb3 Qd5 32. Qxd5 exd5 33. Ne5+ Nxe5 34. Rxe5 Rxe5 35. Rxe5 Kf6 36. Rxd5 Rxc2 37. Rxa5 Rxb2 38. a3 bxa3 39. Rxa3 Rd2 40. Kf1 Rb2 41. h4 Rb4 1/2-1/2

[Event "SRI-chB (Women)"]
[Site "Colombo"]
[Date "2018.03.04"]
[Round "6"]
[White "Udagedara, Sandali Kanishka"]
[Black "Basnayake, IU."]
[Result "1/2-1/2"]
[WhiteElo "1470"]
[BlackElo "1725"]
[PlyCount "36"]
[EventDate "2018.03.01"]
[EventType "swiss"]
[EventRounds "10"]
[EventCountry "SRI"]
[SourceTitle "EXT 2019"]
[Source "ChessBase"]
[SourceDate "2018.10.10"]
[SourceVersion "1"]
[SourceVersionDate "2018.10.10"]
[SourceQuality "1"]

1. d4 Nf6 2. c4 g6 3. h4 Bg7 4. Nc3 d5 5. Nf3 c6 6. e3 0-0 7. Be2 Qc7 8. Bd2 Nbd7 9. Rc1 Qd6 10. cxd5 Nxd5 11. Ne4 Qc7 12. Qb3 N7f6 13. Ng3 Bg4 14. Ne5 Bxe2 15. Kxe2 Qb6 16. Qxb6 Nxb6 17. h5 Nfd7 18. Nf3 e5 1/2-1/2

[Event "SRI-chB (Women)"]
[Site "Colombo"]
[Date "2018.03.03"]
[Round "4"]
[White "De Silva, Tenara"]
[Black "Udagedara, Sandali Kanishka"]
[Result "0-1"]
[WhiteElo "1609"]
[BlackElo "1470"]
[PlyCount "84"]
[EventDate "2018.03.01"]
[EventType "swiss"]
[EventRounds "10"]
[EventCountry "SRI"]
[SourceTitle "EXT 2019"]
[Source "ChessBase"]
[SourceDate "2018.10.10"]
[SourceVersion "1"]
[SourceVersionDate "2018.10.10"]
[SourceQuality "1"]

1. d4 Nf6 2. Nf3 e6 3. Bf4 c5 4. c3 Qb6 5. Qb3 d5 6. e3 Bd7 7. Qxb6 axb6 8. Ne5 c4 9. Nxd7 Nbxd7 10. Nd2 b5 11. b3 cxb3 12. Nxb3 Ne4 13. Rc1 Rxa2 14. f3 Nxc3 15. Bd3 Ba3 16. Ra1 Rxa1+ 17. Nxa1 0-0 18. Nc2 Be7 19. Kd2 b4 20. Na1 Ra8 21. Nb3 Ra2+ 22. Bc2 Nb6 23. Ra1 Nc4+ 24. Kd3 Rxa1 25. Nxa1 Kf8 26. Bb3 b5 27. e4 Na5 28. Bd2 Ke8 29. Bxc3 bxc3 30. Kxc3 Nxb3 31. Nxb3 Kd7 32. exd5 exd5 33. Nc1 Ke6 34. Nd3 Kd6 35. g3 h5 36. Kb3 g5 37. Kc3 f5 38. f4 h4 39. fxg5 hxg3 40. hxg3 Bxg5 41. Kb4 Bh4 42. Kxb5 Bxg3 0-1

[Event "SRI-chB (Women)"]
[Site "Colombo"]
[Date "2018.03.02"]
[Round "3"]
[White "Tharushi, THD Niklesha"]
[Black "Udagedara, Sandali Kanishka"]
[Result "0-1"]
[WhiteElo "1665"]
[BlackElo "1470"]
[PlyCount "52"]
[EventDate "2018.03.01"]
[EventType "swiss"]
[EventRounds "10"]
[EventCountry "SRI"]
[SourceTitle "EXT 2019"]
[Source "ChessBase"]
[SourceDate "2018.10.10"]
[SourceVersion "1"]
[SourceVersionDate "2018.10.10"]
[SourceQuality "1"]

1. d4 Nf6 2. c4 c5 3. d5 b5 4. Qc2 bxc4 5. Nc3 d6 6. e4 g6 7. Bxc4 Bg7 8. h3 0-0 9. Nf3 Ba6 10. Bxa6 Nxa6 11. 0-0 Qb6 12. Rb1 Rab8 13. a3 Nd7 14. Nd2 Qc7 15. Qa4 Qb7 16. Kh1 Nb6 17. Qb5 Nc7 18. Qd3 Nd7 19. f4 Nb5 20. Re1 Rfc8 21. Ra1 Nd4 22. Rb1 Nb5 23. a4 Nd4 24. b3 Qc7 25. Nb5 c4 26. Qe3 Qb6 0-1

[Event "SRI-ch (Women)"]
[Site "Colombo"]
[Date "2017.08.16"]
[Round "11"]
[White "Mendis, Dasuni Hansika"]
[Black "Udagedara, Sandali Kanishka"]
[Result "1/2-1/2"]
[WhiteElo "1663"]
[BlackElo "1589"]
[PlyCount "70"]
[EventDate "2017.08.10"]
[EventType "tourn"]
[EventRounds "13"]
[EventCountry "SRI"]
[SourceTitle "CBM 180 Extra"]
[Source "ChessBase"]
[SourceDate "2017.10.06"]
[SourceVersion "1"]
[SourceVersionDate "2017.10.06"]
[SourceQuality "1"]

1. e4 c5 2. Nc3 Nc6 3. f4 g6 4. Nf3 Bg7 5. Bb5 a6 6. Bxc6 bxc6 7. d3 e6 8. 0-0 Rb8 9. Qe1 d5 10. f5 Ne7 11. fxe6 Bxe6 12. Ng5 0-0 13. exd5 Nxd5 14. Nxe6 fxe6 15. Rxf8+ Qxf8 16. Nxd5 exd5 17. c3 Re8 18. Qf2 Qxf2+ 19. Kxf2 Rf8+ 20. Kg1 Re8 21. Bd2 c4 22. dxc4 dxc4 23. Re1 Rxe1+ 24. Bxe1 Kf7 25. Bd2 Ke6 26. Kf2 Kf5 27. Kf3 h5 28. h3 Bf6 29. Be3 h4 30. Bf4 g5 31. Be3 Be5 32. Bd2 Bf4 33. Bxf4 gxf4 34. b3 cxb3 35. axb3 a5 1/2-1/2

[Event "SRI-ch (Women)"]
[Site "Colombo"]
[Date "2017.08.15"]
[Round "9"]
[White "Udagedara, Sandali Kanishka"]
[Black "Ranasinghe, Sachini D"]
[Result "1/2-1/2"]
[WhiteElo "1589"]
[BlackElo "1730"]
[PlyCount "67"]
[EventDate "2017.08.10"]
[EventType "tourn"]
[EventRounds "13"]
[EventCountry "SRI"]
[SourceTitle "CBM 180 Extra"]
[Source "ChessBase"]
[SourceDate "2017.10.06"]
[SourceVersion "1"]
[SourceVersionDate "2017.10.06"]
[SourceQuality "1"]

1. d4 Nf6 2. c4 e6 3. Nf3 b6 4. Bf4 Bb7 5. e3 Bb4+ 6. Nc3 Ne4 7. Qc2 0-0 8. Be2 f5 9. Bd3 g5 10. Bg3 h5 11. h3 Nxg3 12. fxg3 Bd6 13. Ne2 Bb4+ 14. Nc3 Nc6 15. g4 Bd6 16. a3 Bg3+ 17. Kd1 Qf6 18. Kc1 Kg7 19. Kb1 Ne7 20. Ka2 hxg4 21. hxg4 Rh8 22. Rhf1 d5 23. gxf5 dxc4 24. Be4 Nd5 25. Bxd5 exd5 26. Ne2 Bd6 27. g4 Rae8 28. Qd2 Re4 29. Nc3 Rxg4 30. Qc2 Rh3 31. Qa4 a5 32. Qd7+ Kg8 33. Qe8+ Kg7 34. Ne5 1/2-1/2

[Event "SRI-ch (Women)"]
[Site "Colombo"]
[Date "2017.08.13"]
[Round "6"]
[White "Kulatunga, Dinithi"]
[Black "Udagedara, Sandali Kanishka"]
[Result "1/2-1/2"]
[WhiteElo "1465"]
[BlackElo "1589"]
[PlyCount "52"]
[EventDate "2017.08.10"]
[EventType "tourn"]
[EventRounds "13"]
[EventCountry "SRI"]
[SourceTitle "CBM 180 Extra"]
[Source "ChessBase"]
[SourceDate "2017.10.06"]
[SourceVersion "1"]
[SourceVersionDate "2017.10.06"]
[SourceQuality "1"]

1. d4 Nf6 2. c4 g6 3. Nc3 d5 4. Bg5 Ne4 5. Bh4 Nxc3 6. bxc3 dxc4 7. Qa4+ c6 8. Qxc4 Na6 9. Nf3 Bg7 10. e3 Qa5 11. Be2 Be6 12. Qd3 Nc5 13. Qc2 Bf5 14. Qb2 Na4 15. Qb4 Qxb4 16. cxb4 Nc3 17. Bc4 e6 18. Rc1 Ne4 19. Nd2 Nd6 20. Be2 e5 21. dxe5 Bxe5 22. Nc4 Nxc4 23. Rxc4 Be6 24. Rc2 Bf5 25. Rc4 Be6 26. Rc2 Bf5 1/2-1/2

[Event "SRI-ch (Women)"]
[Site "Colombo"]
[Date "2017.08.12"]
[Round "4"]
[White "Jayaweera, Sayuni Gihansa"]
[Black "Udagedara, Sandali Kanishka"]
[Result "1-0"]
[WhiteElo "1701"]
[BlackElo "1589"]
[PlyCount "77"]
[EventDate "2017.08.10"]
[EventType "tourn"]
[EventRounds "13"]
[EventCountry "SRI"]
[SourceTitle "CBM 180 Extra"]
[Source "ChessBase"]
[SourceDate "2017.10.06"]
[SourceVersion "1"]
[SourceVersionDate "2017.10.06"]
[SourceQuality "1"]

1. d4 Nf6 2. Nf3 e6 3. g3 c5 4. Bg2 Nc6 5. 0-0 Be7 6. c3 0-0 7. Nbd2 d5 8. dxc5 Bxc5 9. b4 Bb6 10. Qb3 a6 11. Bb2 Bd7 12. c4 dxc4 13. Nxc4 Bc7 14. Rfd1 Qe7 15. a3 Rfd8 16. Nfe5 Rac8 17. Rac1 Be8 18. Nxc6 Bxc6 19. Bxc6 bxc6 20. Qa4 c5 21. bxc5 a5 22. c6 Qc5 23. Nd6 Qb6 24. Bd4 Qb8 25. Rb1 Qa8 26. Nxc8 Rxc8 27. Rdc1 Nd5 28. Rb7 Bd8 29. Qb5 Kf8 30. e4 Nc7 31. Qc5+ Be7 32. Qb6 Bd8 33. Ra7 Qb8 34. Rb1 Qxb6 35. Bxb6 Ke7 36. Bc5+ Ke8 37. Bd6 g6 38. Rbb7 Na8 39. Rxf7 1-0

[Event "SRI-chB (Women)"]
[Site "Narahenpita"]
[Date "2017.05.20"]
[Round "7"]
[White "Udagedara, Sandali Kanishka"]
[Black "Jaysenthuliyane, Vinumi Vidara"]
[Result "1-0"]
[WhiteElo "1543"]
[BlackElo "1149"]
[PlyCount "38"]
[EventDate "2017.05.12"]
[EventType "swiss"]
[EventRounds "10"]
[EventCountry "SRI"]
[SourceTitle "CBM 178 Extra"]
[Source "ChessBase"]
[SourceDate "2017.06.22"]
[SourceVersion "1"]
[SourceVersionDate "2017.06.22"]
[SourceQuality "1"]

1. d4 d5 2. Nf3 c5 3. c3 cxd4 4. cxd4 Nc6 5. e3 a6 6. Nc3 g6 7. g3 Bg7 8. Bg2 e6 9. 0-0 Nf6 10. b3 b5 11. Bb2 0-0 12. Rc1 Qb6 13. Ba3 Re8 14. Ne1 Qb7 15. Bb2 Bd7 16. Nd3 Rac8 17. Nc5 Qa7 18. Ne2 Rc7 19. Nf4 Rec8 1-0

[Event "SRI-chB (Women)"]
[Site "Malabe"]
[Date "2015.06.20"]
[Round "4"]
[White "Udagedara, Sandali Kanishka"]
[Black "Pasqual, Anuki"]
[Result "0-1"]
[WhiteElo "1492"]
[BlackElo "1423"]
[PlyCount "136"]
[EventDate "2015.05.19"]
[EventType "swiss"]
[EventRounds "10"]
[EventCountry "SRI"]
[SourceTitle "EXT 2016"]
[Source "ChessBase"]
[SourceDate "2015.10.08"]
[SourceVersion "1"]
[SourceVersionDate "2015.10.08"]
[SourceQuality "1"]

1. d4 Nf6 2. c4 g6 3. Nc3 Bg7 4. e4 d6 5. f3 0-0 6. Be3 c5 7. d5 Na6 8. Qd2 Bd7 9. g4 Nc7 10. Bh6 Re8 11. h4 Bh8 12. h5 e6 13. hxg6 fxg6 14. 0-0-0 exd5 15. cxd5 b5 16. Qh2 b4 17. Nb1 Qe7 18. Bf4 Nb5 19. a4 bxa3 20. Nxa3 Nxa3 21. bxa3 Ba4 22. Bxd6 Qb7 23. Rd2 Qb3 24. Rd3 Qc4+ 25. Kb1 Qb5+ 26. Ka2 Qc4+ 27. Kb1 Qb5+ 28. Kc1 Qc4+ 29. Kd2 Qc2+ 30. Ke3 Qc1+ 31. Kf2 Rxe4 32. Ne2 Qc2 33. Rc3 Rxe2+ 34. Bxe2 Qxc3 35. Be5 Qd2 36. Bxf6 Bxf6 37. Qxh7+ Kf8 38. Qh6+ Qxh6 39. Rxh6 Kg7 40. Rh1 Bb3 41. Bd3 Bxd5 42. Be4 Bxe4 43. fxe4 Re8 44. Ke3 c4 45. Rb1 Re7 46. Rb4 c3 47. Rc4 Be5 48. Rc5 Rc7 49. Rxc7+ Bxc7 50. Kd3 Be5 51. a4 a5 52. g5 Kf7 53. Kc2 Ke6 54. Kd3 Bd4 55. Kc2 Ke5 56. Kd3 Kf4 57. Kxd4 c2 58. e5 c1Q 59. e6 Qc6 60. e7 Qd6+ 61. Kc4 Qxe7 62. Kb5 Qb4+ 63. Kc6 Ke5 64. Kd7 Qd6+ 65. Ke8 Qc7 66. Kf8 Qh7 67. Ke8 Ke6 68. Kd8 Qd7# 0-1